Hornifikácia - správanie sa celulózových vlákien počas recyklácie

Na minha lista:
Detalhes bibliográficos
Autor principal: Letková, Erika (Author)
Outros Autores: Vrška, Milan, 1950- (Thesis advisor)
Formato: Manuscrito Livro
Idioma:eslovaco
Assuntos:
Acesso em linha:http://is.stuba.sk/zp/portal_zp.pl?podrobnosti=86618
Tags: Adicionar Tag
Sem tags, seja o primeiro a adicionar uma tag!

MARC

LEADER 00000ntm a22000003a 4500
001 stuzp22588
003 SK-STU
005 20150617230329.9
007 ta
008 150427s2015----xo-----f-mn---000-0-slo-d
040 |a STU  |b slo 
041 0 |a slo 
100 1 |a Letková, Erika  |u 049380  |4 aut  |U FCHPT Ústav prírodných a syntetických polymérov  |T FCHPT Oddelenie dreva, celulózy a papiera  |X 25032  |U C9380  |Y 129  |7 A000025032 
242 0 1 |a Hornification – behavior of cellulose fibres during recycling  |y eng 
245 1 0 |a Hornifikácia - správanie sa celulózových vlákien počas recyklácie 
650 4 |a recyklácia bielenej buničiny  |2 slo 
650 4 |a hornifikácia  |2 slo 
650 4 |a napučiavanie vlákien  |2 slo 
650 4 |a kryštalinita vlákien  |2 slo 
650 4 |a degradácia celulózy  |2 slo 
650 4 |a distribúcia pórov  |2 slo 
650 4 |a topografia povrchu  |2 slo 
650 4 |a bleached pulp recycling  |2 eng 
650 4 |a hornification  |2 eng 
650 4 |a fiber swelling  |2 eng 
650 4 |a fiber crystallinity  |2 eng 
650 4 |a cellulose degradation  |2 eng 
650 4 |a pore distribution  |2 eng 
650 4 |a surface topography  |2 eng 
700 1 |a Vrška, Milan,  |d 1950-  |4 ths  |X 3904  |7 A000003904 
856 4 |u http://is.stuba.sk/zp/portal_zp.pl?podrobnosti=86618 
SQL |a stuzp22588  |b DDZ  |c SLO  |d Hornifikácia - správanie sa celulózových vlákien počas recyklácie  |e 25032  |f Letková, Erika  |g 049380  |h 3904  |i Vrška, Milan  |j 20140820  |k 146  |l 04  |m http://is.stuba.sk/zp/portal_zp.pl?podrobnosti=86618